000 00767nam a2200253 a 4500
001 635
003 BR-CuiBMT
005 20231110235754.0
008 231108s2008 spba 000 0 por d
020 _a9788599349137
040 _aBR-CuiBMT
_cBR-CuiBMT
080 _a336.2:340.12
_22007
090 _a336.2:340.12
_bP116f
100 1 _aPacheco, Angela Maria da Motta
245 0 _aFicções tributárias :
_bidentificação e controle /
_cAngela Maria da Motta Pacheco.
260 _aSão Paulo :
_bNoeses,
_c2008.
300 _a422 p.:
_bil. ;
_c23 cm
504 _aInclui bibliografia.
650 _aDireito tributário
650 _aCompetência tributária
650 _aSistema tributário
_xLegislação
650 _aFicção jurídica
942 _2udc
_cLV
999 _c635
_d635